Statistics for Languages By Their Origin Of Country

Click here to take the quiz!

General Stats

  • This quiz has been taken 113 times
  • The average score is 16 of 17

Answer Stats

HintAnswer% Correct
SpanishSpain
99%
FrenchFrance
98%
GermanGermany
98%
JapaneseJapan
98%
RussianRussia
98%
TamilIndia
97%
MarathiIndia
97%
TeluguIndia
97%
UrduIndia
97%
HindiIndia
97%
BengaliIndia And Bangladesh
97%
PunjabiIndia And Pakistan
97%
PortuguesePortugal
97%
VietnameseVietnam
97%
MalayMalaysia
96%
ArabicSaudi Arabia
95%
EnglishUnited Kingdom
69%

Score Distribution

Percentile by Number Answered

Percent of People with Each Score

Your Score History

You have not taken this quiz